Представление документа в формате MARC21

Поле Инд. ПП Название Значение
Тип записи a
Библиографический уровень b
001 Контрольный номер RU/IS/BASE/236342727
005 Дата корректировки 20220715140357.7
040 b Код языка каталог. rus
e Правила каталог. PSBO
041 0_ a Код языка текста rus
084 a Индекс другой классификации/Индекс ББК 60.561.2в; 65.010.19
100 1_ a Автор Шведовский В. А.
q Полное имя Шведовский Вячеслав Анатольевич
245 11 a Заглавие "Внутреннее обоснование" социальных переменных в динамической модели системы общественного воспроизводства
504 a Библиография Библиогр. ссылки. - Примеч.
520 a Аннотация На простой математико-экономической модели автор показывает необходимость в эндогенном обращении к учету социальных переменных. В качестве примера такого экономического построения выбрана ставшая классической работа выдающегося отечественного ученого Н. Д. Кондратьева
600 a Персоналии Кондратьев Николай Дмитриевич
650 a Основная рубрика социология
a Основная рубрика экономика
a Основная рубрика экономическая социология
a Основная рубрика экономическая теория
653 a Ключевые слова динамическая модель
a Ключевые слова доходы населения
a Ключевые слова занятость
a Ключевые слова заработная плата
a Ключевые слова история экономических учений
a Ключевые слова капитальные вложения
a Ключевые слова общественное воспроизводство
a Ключевые слова общественное развитие
a Ключевые слова социальная неоднородность
a Ключевые слова социально-экономическое развитие
a Ключевые слова сценарии экономического развития
a Ключевые слова эволюционно-генетический подход
a Ключевые слова экономико-математические методы
a Ключевые слова экономико-математические модели
773 0_ t Заглавие источника Вестник Московского университета. Серия 18, Социология и политология
d Дата издания источника 2007
g Прочая информация № 1. - С. 75 - 89 : граф., табл.
w Контрольный № источника RU/IS/BASE/228580253
901 t Тип документа b